000 01441nam a2200313 c 4500
003 BLK
005 20180422120244.0
008 180411b bul|||||r ||||||| ||bul||
010 _aKNG00207650000
040 _aBLK
041 _aBUL
_cBUL
080 _aТехника. Технически науки
_b62
_x:744(075.8)
_z62:744(075.8)
100 1 _aКалчева, Стефка Николова
_eпърви автор
_9366715
139 _aТехническо чертане
_bТ 53
245 1 0 _aТехническо чертане
_bЗаписки на лекциите за студенти от направления електроника, автоматика и електротехника при ВТУ А. Кънчев - Русе
_cСтефка Николова Калчева.
257 _aBGR
260 Русе
_bВТУ Ангел Кънчев
_c1988
300 _a127 с.
_bс черт., табл., сх.
_c21 см
380 _a62
500 _aДруги авт. : Тр. Трифонов, Ц. Цонева, Д. Белкинова, Г. Динев
650 4 _aТехническо чертане - учебници за ВУЗ
_9249317
653 _aтехническо чертане
653 _aучебници за ВУЗ
852 _aЦб 162973
856 4 _qpdf
_u
856 4 _qpdf
_u
942 _cKNG
_n0
944 _aCR
_c08.06.2017
_kТеодора_Стоянова
944 _aED
_c08.06.2017
_kТеодора_Стоянова
999 _c198306
_d198306